Chinese journal of applied linguistics

Bibliographic Details
Previous Title:Zhongguo Ying yu jiao xue
Format: Electronic Journal
Language:English
Published: Berlin, Germany : De Gruyter Mouton
Subjects:
Online Access:Full text available from Research Library: 01/01/2013 to 6 months ago

MARC

LEADER 00000nas a2200000 i 4500
001 ssj0000800458
003 WaSeSS
005 20200512172242.0
006 m d
007 cr n
008 121129c20109999gw qr p s 0 a0eng d
010 |a  2016207209 
022 |a 2192-9513  |l 2192-9505  |y 2192-9505 
035 |a (WaSeSS)ssj0000800458 
040 |a UAB  |b eng  |c UAB  |d OCLCO  |d OCLCF  |d OCLCO  |d Z5A  |d DLC  |d OCLCO  |d DLC  |d OCL  |d OCLCO  |d DEFHM  |d UX1  |d VT2  |d OCLCQ  |d U3W  |d LND  |d OCLCQ  |d UOK  |d OCLCQ  |d AU@  |d OCLCQ  |d AUD  |d WYU  |d LEAUB  |d WaSeSS 
041 0 |a eng  |b chi  |f chi 
042 |a lccopycat 
043 |a a-cc--- 
050 0 0 |a PE1068.C5 
082 1 4 |a [E] 
210 0 |a Chin. j. appl. linguist.  |b (Online) 
222 0 |a Chinese journal of applied linguistics  |b (Online) 
245 0 0 |a Chinese journal of applied linguistics  |h [electronic resource]. 
246 1 |6 880-01  |a Zhongguo ying yong yu yan xue 
246 3 |a CJAL 
260 |a Berlin, Germany :  |b De Gruyter Mouton 
310 |a Quarterly 
362 1 |a Began in 2010? 
506 |a License restrictions may limit access. 
546 |a Text in English, with abstracts and table of contents in Chinese and English. 
588 |a Description based on: Volume 34, Issue 1 (July 2011); title from title screen (De Gruyter Mouton, viewed August 26, 2016). 
588 |a Latest issue consulted: Volume 39, Issue 2 (June 2016) (De Gruyter Mouton, viewed August 26, 2016). 
650 0 |a English language  |x Study and teaching  |z China  |v Periodicals. 
650 0 |a English language  |x Study and teaching  |v Periodicals. 
650 7 |a English language  |x Study and teaching.  |2 fast  |0 (OCoLC)fst00911670 
651 7 |a China.  |2 fast  |0 (OCoLC)fst01206073 
655 0 |a Electronic journals. 
776 0 8 |i Print version:  |t Chinese journal of applied linguistics  |x 2192-9505  |w (DLC) 2012204229  |w (OCoLC)819639819 
780 0 0 |t Zhongguo Ying yu jiao xue  |w (OCoLC)213302899 
850 |a DLC 
856 4 0 |z Full text available from Research Library: 01/01/2013 to 6 months ago  |u https://search.proquest.com/publication/2031357 
880 1 1 |6 246-01/$1  |a 中国应用语言学